[Event "It (open)"]
[Site "masterchessopen.com - Tapolca (Hungary)"]
[Date "2002.01.04"]
[Round "1"]
[White "Palinkas Balazs (HUN)"]
[Black "Honsch Pal (HUN)"]
[Result "0-1"]
[WhiteElo "1878"]
[BlackElo "2090"]

1.d4 Nf6 2.c4 e6 3.Nf3 c5 4.d5 exd5 5.cxd5 d6 6.Nc3 g6 7.e4 Bg7 8.Be2 O-O
9.O-O b5 10.Bxb5 Bg4 11.Be2 Nbd7 12.Nd2 Bxe2 13.Qxe2 Re8 14.f3 Nb6 15.a4 Nfxd5
16.Nxd5 Nxd5 17.Nc4 Nb6 18.Rd1 Nxc4 19.Qxc4 Rb8 20.Be3 Bxb2 21.Rab1 Qf6 22.Qd5
Be5 23.Rb7 Rxb7 24.Qxb7 Re7 25.Qc8+ Kg7 26.Bh6+ Kxh6 27.Qf8+ Kg5 28.h4+ Kf4
29.g3+ Kxg3 30.Qh6 Bd4+ 31.Kh1 Qxf3# 0-1

[Event "Ch Portugal (team)"]
[Site "masterchessopen.com - Portugal"]
[Date "2002.08.13"]
[Round "3"]
[White "Fernandes Antonio (POR)"]
[Black "Maze Sebastien (FRA)"]
[Result "1-0"]
[WhiteElo "2487"]
[BlackElo "2407"]

1.d4 Nf6 2.c4 e6 3.Nf3 c5 4.d5 exd5 5.cxd5 d6 6.Nc3 g6 7.e4 Bg7 8.Be2 O-O
9.O-O Bg4 10.Re1 Bxf3 11.Bxf3 Nbd7 12.Be2 Re8 13.Qc2 a6 14.a4 Qc7 15.a5 Re7
16.Bg5 h6 17.Be3 Rae8 18.f3 Nf8 19.Qd2 Kh7 20.Na4 N6d7 21.Rac1 f5 22.b4 fxe4
23.f4 Qb8 24.bxc5 Nxc5 25.Nxc5 dxc5 26.Bxc5 e3 27.Qd3 Re4 28.Bf3 Rxf4 29.Rxe3
Be5 30.Be4 Rf6 31.d6 Nd7 32.Ba3 Bf4 33.Rf3 Ne5 34.Rc7+ Kh8 35.Bb2 Qd8 36.d7
Ref8 37.Rxf4 Nxd3 38.Rxf6 Kh7 39.Rxf8 {#r} 1-0

[Event "It (open)"]
[Site "masterchessopen.com - Crema (Italy)"]
[Date "2002.09.08"]
[Round "5"]
[White "Festa Samuele (ITA)"]
[Black "Ceresoli Luigi (ITA)"]
[Result "0-1"]
[WhiteElo "2058"]
[BlackElo "2202"]

1.Nf3 Nf6 2.d4 e6 3.c4 c5 4.d5 exd5 5.cxd5 d6 6.Nc3 g6 7.e4 Bg7 8.Be2 O-O
9.O-O Bg4 10.Nd2 Bxe2 11.Qxe2 Re8 12.Nc4 b5 13.Nxb5 Nxe4 14.Qd3 a6 15.Nc3 Nxc3
16.bxc3 Nd7 17.Bf4 Ne5 18.Nxe5 Bxe5 19.Bxe5 Rxe5 20.f4 Re7 21.f5 Qe8 22.fxg6
fxg6 23.Qg3 Rb8 24.Rae1 Rb2 25.Rxe7 Qxe7 26.Re1 Re2 27.Rxe2 Qxe2 28.Qf2 Qe4
29.Qd2 Kf7 30.h3 Kf6 31.a3 a5 32.Kh2 c4 33.Kg1 g5 34.Qf2+ Ke5 35.Qf7 Qe3+
36.Kh1 Qc1+ 37.Kh2 Qf4+ 38.Qxf4+ Kxf4 {#R} 0-1

[Event "Oberliga East B 2002/03"]
[Site "masterchessopen.com - Germany"]
[Date "2002.10.20"]
[Round "1"]
[White "Heinelt Manfred (GER)"]
[Black "Taudte Stefan (GER)"]
[Result "1-0"]
[WhiteElo "2216"]
[BlackElo "2101"]

1.d4 Nf6 2.c4 c5 3.d5 e6 4.Nc3 exd5 5.cxd5 d6 6.e4 g6 7.Nf3 Bg7 8.Be2 O-O
9.O-O Na6 10.h3 Re8 11.Nd2 Nc7 12.a4 a6 13.Qc2 Nfxd5 14.exd5 Bxc3 15.Qxc3 Rxe2
16.Nc4 Re4 17.Bh6 Rd4 18.Nb6 Rb8 19.Rad1 Nb5 20.axb5 Qxb6 21.b4 axb5 22.bxc5
dxc5 23.Rxd4 cxd4 24.Qg3 Ra8 25.Qe5 {#r} 1-0

[Event "Ch World (seniors)"]
[Site "masterchessopen.com - Naumburg (Germany)"]
[Date "2002.10.24"]
[Round "4"]
[White "Bakalarczyk Wlodzimierz (POL)"]
[Black "Winiwarter Felix (AUT)"]
[Result "1-0"]
[WhiteElo "2039"]
[BlackElo "2185"]

1.d4 Nf6 2.c4 c5 3.d5 e6 4.Nc3 exd5 5.cxd5 d6 6.e4 g6 7.Nf3 Bg7 8.Be2 O-O
9.O-O Na6 10.h3 Nc7 11.Bf4 Re8 12.Nd2 b5 13.Qc2 a6 14.Rfe1 Qe7 15.Bf3 Nd7
16.Rad1 Ne5 17.Be2 b4 18.Na4 Nb5 19.Be3 Nd7 20.Bg4 Rb8 21.Bf4 h5 22.Bxd7 Bxd7
23.Nc4 g5 24.Bh2 g4 25.hxg4 Bxg4 26.f3 Bc8 27.Bg3 h4 28.Bh2 h3 29.Kh1 Qh4
30.g4 Nd4 31.Qd3 Nxf3 32.Qxf3 Bxg4 33.Qg3 Qh5 34.Rd3 f5 35.e5 dxe5 36.Nxe5
Bxe5 37.Rxe5 Rxe5 38.Qxe5 Re8 39.Qg3 Re2 40.d6 Rg2 41.d7 {#r} 1-0

[Event "Ch France (w)"]
[Site "masterchessopen.com - Aix les Bains (France)"]
[Round "11"]
[White "Guichard Pauline (FRA)"]
[Black "Wohlers-Armas Friederike (FRA)"]
[Result "0-1"]
[WhiteElo "2067"]
[BlackElo "2180"]

1.d4 Nf6 2.c4 c5 3.d5 g6 4.Nc3 Bg7 5.e4 d6 6.Be2 O-O 7.Nf3 e6 8.O-O exd5
9.cxd5 Bg4 10.Nd2 Bxe2 11.Qxe2 Re8 12.a4 Nbd7 13.f4 Nxe4 14.Ncxe4 f5 15.Qf3
fxe4 16.Nxe4 Qe7 17.Ng5 Bd4+ 18.Kh1 Qe2 19.Ne6 Qxf3 20.gxf3 Nf6 21.Nc7 Rac8
22.Nxe8 Rxe8 23.Bd2 Nxd5 24.Rae1 Rxe1 25.Rxe1 Kf7 26.Bc1 b6 27.Kg2 Nb4 28.Rd1
d5 29.Kg3 Na2 30.b3 Nxc1 31.Rxc1 Be3 32.Re1 d4 33.h3 Kf6 34.Kg4 Bf2 {#R} 0-1

[Event "It (open)"]
[Site "masterchessopen.com - Buenos Aires (Argentina)"]
[Round "1"]
[White "Liascovich Lucas (ARG)"]
[Black "Cuevas Alex (ARG)"]
[Result "1-0"]
[WhiteElo "2415"]
[BlackElo "2281"]

1.d4 Nf6 2.c4 c5 3.d5 e6 4.Nc3 exd5 5.cxd5 d6 6.e4 g6 7.Nf3 Bg7 8.Be2 O-O
9.O-O Bg4 10.Be3 Bxf3 11.Bxf3 Re8 12.Qb3 b6 13.h3 a6 14.a4 Nbd7 15.Qc2 Qc7
16.b3 Qb7 17.Bf4 Ne5 18.Be2 Rac8 19.Rac1 c4 20.b4 b5 21.axb5 axb5 22.Rfe1 Ra8
23.Ra1 Ra6 24.Rxa6 Qxa6 25.Be3 Rb8 26.f4 Ned7 27.Qc1 Nb6 28.Bf3 Nfd7 29.h4 Na4
30.Nd1 h5 31.Re2 c3 32.g4 hxg4 33.Bxg4 Ndb6 34.h5 gxh5 35.Bxh5 Re8 36.Rg2 Kf8
37.f5 Bf6 38.Bg5 Bd4+ 39.Be3 Bf6 40.Bg5 Bd4+ 41.Nf2 Rxe4 42.Bf3 Re5 43.Bf6
Rxf5 44.Qh6+ Ke8 45.Qh8+ {#r} 1-0

[Event "Ch Asturias"]
[Site "masterchessopen.com - Oviedo (Spain)"]
[Round "2"]
[White "Fernandez Diaz Ignacio (ESP)"]
[Black "Gonzalez Menendez Ivan (ESP)"]
[Result "1-0"]
[WhiteElo "2089"]
[BlackElo "2305"]

1.d4 Nf6 2.Nf3 c5 3.d5 e6 4.c4 exd5 5.cxd5 d6 6.Nc3 g6 7.e4 Bg7 8.Be2 O-O
9.O-O Bg4 10.Bf4 Nh5 11.Be3 a6 12.a4 Nd7 13.h3 Bxf3 14.Bxf3 Nhf6 15.a5 Re8
16.Qc2 Qe7 17.Bf4 h6 18.Rfe1 g5 19.Bh2 Ne5 20.Be2 Ng6 21.Bf1 Nd7 22.Nd1 Be5
23.Ne3 Bxh2+ 24.Kxh2 Kh7 25.Nf5 Qe5+ 26.Kg1 Nf6 27.f3 Rad8 28.Qc3 Nxd5 29.Qxe5
Rxe5 30.Rad1 Nge7 31.exd5 Nxf5 32.Rxe5 dxe5 33.Bd3 {#r} 1-0

[Event "It (open)"]
[Site "masterchessopen.com - Pilsen-Lobzy (Czech Republic)"]
[Round "4"]
[White "Wunsch Jiri (CZE)"]
[Black "Hodova Lucie (CZE)"]
[Result "0-1"]
[WhiteElo "2130"]
[BlackElo "2118"]

1.d4 Nf6 2.c4 c5 3.d5 e6 4.Nc3 exd5 5.cxd5 d6 6.Nf3 g6 7.e4 Bg7 8.Be2 O-O
9.O-O Na6 10.Bf4 Nc7 11.a4 b6 12.Nd2 Ba6 13.Bxa6 Nxa6 14.Nb5 Nb4 15.h3 a6
16.Nxd6 Nh5 17.Bh2 Bxb2 18.Rb1 Bg7 19.N2c4 b5 20.axb5 axb5 21.Nxb5 Qh4 22.Ncd6
Nf4 23.Qd2 Be5 24.Nc4 Ra2 25.Qe3 Ne2+ 26.Kh1 Bxh2 27.Kxh2 Nxd5 28.Qb3 Nb4
29.Ncd6 Rd2 30.g3 Qg5 31.h4 Qg4 32.Qe3 Rd3 33.Qg5 Qf3 34.Qe5 Nc6 35.Qxc5 Nf4
36.Rg1 Qg4 {#R} 0-1

[Event "Ch Europe (team) (w)"]
[Site "masterchessopen.com - Plovdiv (Bulgaria)"]
[Round "9"]
[White "Agababean Naira (MDA)"]
[Black "Sikorova Olga (CZE)"]
[Result "0-1"]
[WhiteElo "2192"]
[BlackElo "2252"]

1.d4 c5 2.d5 Nf6 3.c4 e6 4.Nc3 exd5 5.cxd5 d6 6.e4 g6 7.Nf3 Bg7 8.Be2 O-O
9.O-O b6 10.Re1 Na6 11.h3 Nc7 12.Bg5 h6 13.Bf4 Re8 14.Nd2 Bf8 15.Qc2 Rb8 16.a4
a6 17.b4 cxb4 18.Na2 a5 19.Nc1 Bg7 20.Rb1 Ncxd5 21.exd5 Nxd5 22.Nd3 Bf5 23.Qc4
Nc3 24.Bf1 Nxb1 25.Rxe8+ Qxe8 26.Nxb1 Qxa4 27.g4 Be6 28.Qc7 Rc8 29.Qxb6 b3
30.Bxd6 Qc6 31.Bc5 Qxb6 32.Bxb6 b2 33.Nxb2 Bxb2 34.Bxa5 Ra8 35.Bb4 Ra4 36.Bc5
Ra1 37.Nd2 Bd5 38.f3 f5 39.gxf5 gxf5 40.Kf2 Bc3 41.Bc4 Bxc4 42.Nxc4 Ra4 43.Nd6
f4 44.Nf5 Ra2+ 45.Kg1 Ra5 46.Bd4 Bxd4+ 47.Nxd4 Kf7 48.Kf2 Ra4 {#R} 0-1

[Event "It (open)"]
[Site "masterchessopen.com - Portoroz (Slovenia)"]
[Round "1"]
[White "Sivec Dejan (SLO)"]
[Black "Orel Oskar (SLO)"]
[Result "0-1"]
[WhiteElo "1999"]
[BlackElo "2280"]

1.d4 c5 2.d5 e6 3.c4 exd5 4.cxd5 d6 5.e4 Nf6 6.Nc3 g6 7.Nf3 Bg7 8.Be2 O-O
9.O-O Na6 10.Re1 Re8 11.Bf1 Nc7 12.Bg5 h6 13.Bd2 b5 14.Nxb5 Nxb5 15.Bxb5 Rxe4
16.h3 Rxe1+ 17.Qxe1 Bb7 18.Rd1 Bxd5 19.Ba5 Qf8 20.Rxd5 Nxd5 21.Bc6 Nf6 22.Bxa8
Qxa8 23.Qe7 Ne4 24.b3 Bf8 25.Qd7 a6 26.Bd8 Kg7 27.Ba5 Qd5 28.Qe8 Qe6 29.Qc6 d5
30.Qb7 Bd6 31.Kf1 Be7 32.Bc7 Bf6 33.Bf4 g5 34.Bc1 Nc3 35.Bd2 c4 36.bxc4 dxc4
37.Qc7 Nb5 38.Qc5 c3 39.Bc1 Qxa2 {#R} 0-1

[Event "Tournament (weekend) (a)"]
[Site "masterchessopen.com - Ceriano Laghetto I(Ttaly)"]
[Date "2003.01.25"]
[Round "1"]
[White "Vezzosi Paolo (ITA)"]
[Black "Bozzali Ermanno (ITA)"]
[Result "1-0"]
[WhiteElo "2363"]
[BlackElo "2105"]

1.d4 Nf6 2.c4 c5 3.d5 e6 4.Nc3 exd5 5.cxd5 d6 6.e4 g6 7.Be2 Bg7 8.Nf3 O-O
9.O-O Na6 10.Bg5 Bg4 11.Nd2 Bxe2 12.Qxe2 Qd7 13.f4 Ng4 14.Nc4 b5 15.Nxd6 Qxd6
16.Qxg4 f5 17.Qf3 fxe4 18.Nxe4 Qd7 19.d6 c4 20.Rab1 Rac8 21.Be7 Rf5 22.g4 Rf7
23.f5 Nc5 24.Ng5 Rf6 25.Qd5+ Kh8 26.Bxf6 Bxf6 27.Nf7+ Kg7 28.g5 Qxf7 29.gxf6+
Kf8 30.Qe5 {#r} 1-0

[Event "Bundesliga (2nd) South 2002/03"]
[Site "masterchessopen.com - Germany"]
[Date "2003.01.26"]
[Round "5"]
[White "Schulze Ulrich (GER)"]
[Black "Thoma Christian (GER)"]
[Result "1-0"]
[WhiteElo "2333"]
[BlackElo "2275"]

1.d4 Nf6 2.c4 c5 3.d5 e6 4.Nc3 exd5 5.cxd5 d6 6.e4 g6 7.Be2 Bg7 8.Nf3 O-O
9.O-O Bg4 10.Nd2 Bxe2 11.Qxe2 Nbd7 12.Nc4 Nb6 13.Bf4 Nxc4 14.Qxc4 a6 15.a4 Ng4
16.Qe2 Ne5 17.Bg3 Qc7 18.f4 Nd7 19.e5 dxe5 20.f5 f6 21.h4 Rf7 22.Rad1 Rd8
23.d6 Qc6 24.Nd5 Bf8 25.Qg4 Rg7 26.fxg6 Rxg6 27.Ne7+ Bxe7 28.Qe6+ Kh8 29.dxe7
Re8 30.Rd6 Qxa4 31.Rxd7 Rxg3 32.Qxf6+ Rg7 33.Rd8 Qd4+ 34.Kh1 {#r} 1-0

[Event "Hessenliga 2002/03"]
[Site "masterchessopen.com - Germany"]
[Date "2003.03.16"]
[Round "8"]
[White "Paszek Adam (POL)"]
[Black "Daum Dieter (GER)"]
[Result "0-1"]
[WhiteElo "2237"]
[BlackElo "2129"]

1.d4 Nf6 2.c4 c5 3.d5 e6 4.Nc3 exd5 5.cxd5 d6 6.e4 g6 7.Nf3 Bg7 8.Be2 O-O
9.O-O Na6 10.Nd2 Nc7 11.a4 Rb8 12.Nc4 b6 13.Bf4 Nfe8 14.Qc2 a6 15.Be3 b5
16.axb5 axb5 17.Na5 Bd7 18.Nb3 b4 19.Nb1 f5 20.f3 fxe4 21.fxe4 Rxf1+ 22.Bxf1
Qf6 23.Ra2 Bb5 24.N1d2 Bxf1 25.Nxf1 Qe5 26.Bf2 Nf6 27.Nfd2 Nb5 28.Qc4 Nh5
29.Nf3 Qf4 30.Nc1 Nd4 31.Nxd4 Bxd4 32.Bxd4 cxd4 33.Qf1 Qe3+ 34.Kh1 Rf8 35.Qd1
Qxe4 36.b3 Nf4 37.Rf2 Qxd5 38.Kg1 d3 39.Rd2 Qd4+ 40.Kh1 {#R} 0-1

[Event "It (open)"]
[Site "masterchessopen.com - Bergamo (Italy)"]
[Date "2003.07.27"]
[Round "6"]
[White "Naumkin Igor (RUS)"]
[Black "Lapiccirella Mattia (ITA)"]
[Result "1-0"]
[WhiteElo "2479"]
[BlackElo "2236"]

1.d4 Nf6 2.Nf3 g6 3.c4 c5 4.d5 d6 5.Nc3 Bg7 6.e4 O-O 7.Be2 e6 8.O-O exd5
9.cxd5 Na6 10.Bf4 Nc7 11.a4 b6 12.Nd2 Nfe8 13.Bg3 Rb8 14.Nc4 Ba6 15.f4 Bd4+
16.Kh1 Bxc4 17.Bxc4 a6 18.Be2 b5 19.axb5 axb5 20.Qd2 b4 21.Nd1 Nf6 22.Bf3 Nd7
23.Ne3 h5 24.Nc4 Nb6 25.Na5 Qd7 26.Nc6 Nb5 27.Be2 {#r} 1-0

[Event "It (open)"]
[Site "masterchessopen.com - Cesenatico (Italy)"]
[Date "2003.09.06"]
[Round "8"]
[White "Bucher Michael (SUI)"]
[Black "Weinberg Emanuele (ITA)"]
[Result "1-0"]
[WhiteElo "2213"]
[BlackElo "1943"]

1.d4 Nf6 2.c4 c5 3.d5 e6 4.Nc3 exd5 5.cxd5 d6 6.Nf3 g6 7.e4 Bg7 8.Be2 O-O
9.O-O Bg4 10.Qb3 Qc7 11.Bf4 a6 12.e5 dxe5 13.Nxe5 Bxe2 14.Nxe2 Nh5 15.Nxg6
Nxf4 16.Ngxf4 Nd7 17.Nh5 Be5 18.f4 Bf6 19.Nxf6+ Nxf6 20.Qg3+ Kh8 21.Qc3 Qd8
22.Ng3 Rg8 23.Rad1 b6 24.Rfe1 Rg6 25.Nf5 Ra7 26.d6 Rd7 27.Re3 h6 28.Ne7 Rxd6
29.Nxg6+ fxg6 30.Rxd6 Qxd6 31.Qe5 {#r} 1-0

[Event "Tournament (weekend)"]
[Site "masterchessopen.com - Rivarolo Mantovano (Italy)"]
[Date "2003.10.12"]
[Round "3"]
[White "Tencati Giuseppe (ITA)"]
[Black "Bonugli Carlo (ITA)"]
[Result "0-1"]
[WhiteElo "2096"]
[BlackElo "2046"]

1.d4 Nf6 2.c4 c5 3.d5 d6 4.Nc3 g6 5.Nf3 Bg7 6.e4 e6 7.Be2 exd5 8.cxd5 O-O
9.O-O Bg4 10.Re1 Re8 11.Nd2 Bxe2 12.Rxe2 Nbd7 13.h3 a6 14.a4 Qc7 15.Nc4 Nb6
16.Nxb6 Qxb6 17.Bf4 Nd7 18.a5 Qc7 19.Qc2 Rab8 20.Ra3 b5 21.axb6 Rxb6 22.Qd3 c4
23.Qg3 Be5 24.Bxe5 Nxe5 25.f4 Nd7 26.h4 Rxb2 27.Rxa6 Rxe2 28.Nxe2 Rxe4 29.Rc6
Qa5 30.Nc3 Qa1+ 31.Kh2 Re1 32.Kh3 Nf6 33.Qg5 Rh1+ 34.Kg3 Qxc3+ {#R} 0-1

[Event "It (open) \"]
[Site "masterchessopen.com - Athens (Greece)"]
[Round "5"]
[White "Trivizas Mihail (GRE)"]
[Black "Klokas Konstantinos (GRE)"]
[Result "0-1"]
[WhiteElo "2063"]
[BlackElo "2221"]

1.d4 Nf6 2.c4 g6 3.Nc3 c5 4.Nf3 Bg7 5.d5 d6 6.e4 O-O 7.Be2 e6 8.O-O exd5
9.cxd5 Na6 10.Bf4 Nc7 11.a4 Rb8 12.Nd2 Re8 13.Re1 b6 14.Bb5 Rf8 15.Nc4 Nce8
16.Bxe8 Nxe8 17.Nb5 Rb7 18.Nbxd6 Nxd6 19.Nxd6 Rd7 20.Nxc8 Bxb2 21.Nxa7 Bxa1
22.Nc6 Qf6 23.Bh6 Bc3 24.Bxf8 Bxe1 25.Bxc5 Qxc6 26.Bd4 Qc4 {#R} 0-1

[Event "It (open)"]
[Site "masterchessopen.com - Pierrevert (France)"]
[Round "0"]
[White "Druon Roger (FRA)"]
[Black "Janssen Ger (NED)"]
[Result "1-0"]
[WhiteElo "2137"]
[BlackElo "2205"]

1.d4 Nf6 2.c4 c5 3.d5 e6 4.Nc3 exd5 5.cxd5 d6 6.e4 g6 7.Nf3 Bg7 8.Be2 O-O
9.O-O Ne8 10.Bg5 f6 11.Bf4 f5 12.e5 dxe5 13.Bxe5 Nf6 14.Bc4 Kh8 15.Re1 a6
16.a4 Nbd7 17.Bd6 Re8 18.Ng5 Qb6 19.Qd3 Kg8 20.Be7 h6 21.d6+ Kh8 22.Ne6 Ne4
23.Nxg7 Rxe7 24.dxe7 Ndf6 25.e8=Q+ Nxe8 26.Nxe8 Be6 27.Bxe6 Qxe6 28.Nc7 {#r}
1-0

[Event "Bundesliga 2003/04 (w)"]
[Site "masterchessopen.com - Germany"]
[Date "2004.02.29"]
[Round "7"]
[White "Nill Jessica (GER)"]
[Black "Hafenstein Andrea (GER)"]
[Result "1-0"]
[WhiteElo "2256"]
[BlackElo "1982"]

1.d4 Nf6 2.c4 c5 3.d5 e6 4.Nc3 exd5 5.cxd5 d6 6.Nf3 g6 7.e4 Bg7 8.Be2 O-O
9.O-O Na6 10.Bg5 Nc7 11.a4 a6 12.Nd2 Rb8 13.a5 h6 14.Bh4 Nce8 15.Nc4 g5 16.Bg3
Qe7 17.e5 dxe5 18.Bxe5 Ra8 19.Re1 Nd7 20.Bxg7 Nxg7 21.Bg4 Qd8 22.Bxd7 Bxd7
23.Nb6 Rb8 24.Ne4 Bb5 25.Nxc5 Qd6 26.Ne4 Qg6 27.Qd4 Rfd8 28.Rad1 h5 29.Qc3 Kh7
30.Nf6+ Kh6 31.Re3 Nf5 32.Ree1 Nd6 33.Qf3 Ne8 34.Ne4 Nd6 35.h4 Nxe4 36.Rxe4 g4
37.Qf4+ Kg7 38.Re5 Kf8 39.Rg5 Qc2 40.Qb4+ {#r} 1-0

[Event "It (open)"]
[Site "masterchessopen.com - Klatovy (Czech Republic)"]
[Date "2004.07.04"]
[Round "2"]
[White "Dolezal Radoslav (CZE)"]
[Black "Sott Pavel (CZE)"]
[Result "1-0"]
[WhiteElo "2420"]
[BlackElo "2088"]

1.d4 Nf6 2.Nf3 g6 3.c4 Bg7 4.Nc3 O-O 5.e4 d6 6.Be2 c5 7.d5 e6 8.O-O exd5
9.cxd5 Bg4 10.Re1 a6 11.a4 Bxf3 12.Bxf3 Nbd7 13.Be2 Re8 14.Bf1 Qc7 15.a5 b5
16.axb6 Qxb6 17.h3 Nh5 18.g4 Nhf6 19.Ra4 Qb7 20.f3 Nb6 21.Ra3 Nfd7 22.Kg2 Bd4
23.g5 f6 24.Ne2 Ne5 25.Nxd4 cxd4 26.Qxd4 fxg5 27.Rb3 Rab8 28.Bxg5 Qc7 29.Rc1
Qf7 30.f4 Ned7 31.Rc7 Na8 32.Rcb7 Qf8 33.Rxb8 Rxb8 34.Rxb8 Nxb8 35.Qa7 Qe8
36.Qxa8 Qxe4+ 37.Kh2 Qc2+ 38.Bg2 Qxb2 39.Qa7 {#r} 1-0

[Event "It (open)"]
[Site "masterchessopen.com - Plzen (Czech Republic)"]
[Round "1"]
[White "Snaidr Jiri (CZE)"]
[Black "Sikora-Lerch Jan (CZE)"]
[Result "0-1"]
[WhiteElo "2063"]
[BlackElo "2320"]

1.d4 c5 2.d5 Nf6 3.c4 e6 4.Nc3 exd5 5.cxd5 d6 6.e4 g6 7.Nf3 Bg7 8.Be2 O-O
9.O-O b6 10.Bg5 h6 11.Bh4 g5 12.Bg3 Nh5 13.a4 Ba6 14.Nd2 Nxg3 15.hxg3 Bxe2
16.Qxe2 Nd7 17.Qh5 a6 18.Ra2 Qe7 19.Nd1 Rae8 20.Ne3 Nf6 21.Qh3 Nxe4 22.Nf5 Qe5
23.Nc4 Qxd5 24.b3 Qe6 25.Re2 d5 26.f3 Qxf5 27.Qxf5 Nxg3 28.Qxf7+ Kxf7 29.Nd6+
Kg6 30.Rxe8 Rxe8 31.Nxe8 Bd4+ {#R} 0-1

[Event "It (open)"]
[Site "masterchessopen.com - Teteven (Bulgaria)"]
[Round "9"]
[White "Nikolov Sasho (BUL)"]
[Black "Dragiev Veselin (BUL)"]
[Result "0-1"]
[WhiteElo "2421"]
[BlackElo "2477"]

1.d4 Nf6 2.c4 e6 3.Nf3 c5 4.d5 exd5 5.cxd5 d6 6.Nc3 g6 7.e4 Bg7 8.Be2 O-O
9.O-O Bg4 10.Bf4 Bxf3 11.Bxf3 Ne8 12.Qc2 Nd7 13.Rfe1 a6 14.a4 Qe7 15.Be2 Nc7
16.Bf1 Rab8 17.h3 Rfc8 18.Bh2 b5 19.axb5 axb5 20.Ra7 c4 21.b4 Bd4 22.Ra3 Ra8
23.Rxa8 Rxa8 24.Qd2 Qf6 25.Nd1 Ra1 26.Qe2 Rb1 27.Ne3 Rxb4 28.Ng4 Qe7 29.Qd2 c3
30.Qd1 Ne5 31.Ne3 Qf6 32.Re2 Bc5 33.Nc2 Rb2 34.Bg3 b4 35.Na1 Nb5 36.Kh2 Rxe2
37.Qxe2 Nd4 38.Qa2 g5 39.f3 Kg7 40.Bf2 Qf4+ {#R} 0-1

[Event "Cup Russia (w) (final)"]
[Site "masterchessopen.com - Voronezh (Russia)"]
[Date "2004.11.13"]
[Round "1"]
[White "Guseva Olga (RUS)"]
[Black "Dushenok Anna (RUS)"]
[Result "0-1"]
[WhiteElo "2232"]
[BlackElo "2238"]

1.d4 Nf6 2.c4 c5 3.d5 d6 4.Nc3 g6 5.e4 Bg7 6.Be2 O-O 7.Nf3 e6 8.O-O exd5
9.cxd5 Bg4 10.Nd2 Bxe2 11.Qxe2 Re8 12.Qd3 Na6 13.a3 Nc7 14.f4 b5 15.Re1 c4
16.Qg3 a5 17.Rb1 Qb8 18.a4 b4 19.Nd1 Qa7+ 20.Qf2 Ncxd5 21.Qxa7 Rxa7 22.Nxc4
Nxe4 23.Be3 Raa8 24.g3 Nc5 25.Nxd6 Rxe3 26.Nxe3 Nxe3 27.Rxe3 Bd4 28.Kf2 Nxa4
29.Nc4 Rc8 30.b3 Nc5 31.Re1 a4 32.Kf3 Bxe3 33.Rxe3 a3 34.Nd6 Rd8 {#R} 0-1

[Event "Oberliga Southwest 2004/05"]
[Site "masterchessopen.com - Germany"]
[Date "2004.11.14"]
[Round "2"]
[White "Niklasch Oliver (GER)"]
[Black "Schuh Thomas (GER)"]
[Result "1-0"]
[WhiteElo "2357"]
[BlackElo "2130"]

1.d4 Nf6 2.c4 c5 3.d5 e6 4.Nc3 exd5 5.cxd5 d6 6.Nf3 g6 7.e4 Bg7 8.Be2 O-O
9.O-O Bg4 10.Bf4 Bxf3 11.Bxf3 Ne8 12.Qd2 Nd7 13.Rab1 Ne5 14.Be2 f5 15.exf5
Rxf5 16.Bg3 Nc7 17.b4 c4 18.f4 Nd3 19.Bxd3 cxd3 20.Qxd3 Bxc3 21.Qxc3 Nxd5
22.Qb3 Kg7 23.Rbd1 Nf6 24.Bf2 h5 25.Bd4 Qd7 26.Be5 Qf7 27.Rxd6 a5 28.Rc1 Rf8
29.Rxf6 Rxf6 30.Rc7 Qxc7 31.Bxc7 Rc6 32.Be5+ Kh6 33.bxa5 Rf5 34.h4 {#r} 1-0

[Event "Tournament (open)"]
[Site "masterchessopen.com - Basel (Switzerland)"]
[Date "2004.11.17"]
[Round "6"]
[White "Wirz Heinz (SUI)"]
[Black "Bojic Zoran (SUI)"]
[Result "0-1"]
[WhiteElo "2165"]
[BlackElo "2121"]

1.d4 Nf6 2.c4 e6 3.Nf3 c5 4.d5 exd5 5.cxd5 d6 6.Nc3 g6 7.e4 Bg7 8.Be2 O-O
9.O-O Qe7 10.Nd2 Na6 11.Re1 Nc7 12.a4 b6 13.Qc2 Rb8 14.Nc4 Ba6 15.Bf4 Bxc4
16.Bxc4 Ng4 17.h3 Ne5 18.Bf1 a6 19.Bg3 f6 20.f4 Nf7 21.Be2 Rfe8 22.Kh1 Rb7
23.Bf3 b5 24.axb5 axb5 25.e5 fxe5 26.Ne4 Qd8 27.Nxc5 dxc5 28.Qxc5 e4 29.Rxe4
Nd6 30.Rxe8+ Ncxe8 31.Qb4 Nf5 32.Bf2 Ned6 33.Ra6 Bf8 34.Bc5 Rd7 35.b3 Qf6
36.Ra8 h5 37.Kh2 Rd8 38.Ra6 Qh4 39.Kg1 Re8 40.Bf2 Qe7 41.Ra7 Qf6 42.Ra6 Qb2
43.Qa3 Qxa3 44.Rxa3 Ne4 45.d6 Bxd6 46.Bxe4 Bxa3 47.Bd5+ Kg7 48.g4 hxg4 49.hxg4
Ne3 50.Bc6 Rc8 {#R} 0-1

[Event "It (open)"]
[Site "masterchessopen.com - Obrenovac (Yugoslavia)"]
[Date "2004.11.26"]
[Round "5"]
[White "Dumpor Atif (BIH)"]
[Black "Radosavljevic Slobodan (SRB)"]
[Result "1-0"]
[WhiteElo "2382"]
[BlackElo "2231"]

1.d4 c5 2.d5 Nf6 3.c4 d6 4.Nc3 g6 5.e4 Bg7 6.Nf3 O-O 7.Be2 e6 8.O-O exd5
9.cxd5 Na6 10.Re1 Nc7 11.a4 a6 12.h3 Rb8 13.Bf4 b5 14.e5 Nfe8 15.axb5 axb5
16.exd6 Nxd6 17.Ne5 Bb7 18.Nc6 Bxc6 19.dxc6 Bd4 20.Ra7 b4 21.Rxc7 bxc3 22.Rd7
Qf6 23.Bxd6 c2 24.Qxc2 Qxf2+ 25.Kh2 Qxe1 26.Qd1 Qh4 27.Bxb8 Rxb8 28.c7 Be5+
29.Kh1 Rf8 30.Rxf7 Kxf7 31.Qd5+ {#r} 1-0

[Event "Ch France (team) (nat.2) 2004/05"]
[Site "masterchessopen.com - France"]
[Round "11"]
[White "Gilles Eric (FRA)"]
[Black "Darrigues Alain (FRA)"]
[Result "0-1"]
[WhiteElo "1835"]
[BlackElo "2063"]

1.d4 Nf6 2.c4 c5 3.d5 e6 4.Nc3 exd5 5.cxd5 d6 6.Nf3 g6 7.e4 Bg7 8.Be2 O-O
9.O-O Na6 10.Bf4 Nc7 11.Qc2 a6 12.a4 Re8 13.h3 Rb8 14.Rfd1 b5 15.axb5 axb5
16.Nd2 b4 17.Ncb1 Nb5 18.Be3 Qe7 19.Bd3 Bd7 20.f3 Nxd5 21.exd5 Qxe3+ 22.Kh1
Nd4 23.Qc1 Qxd3 24.Ne4 Qe2 25.Ned2 Bxh3 26.gxh3 Nxf3 {#R} 0-1

[Event "Czech League 2004/05 (2nd) (a)"]
[Site "masterchessopen.com - Czech Republic"]
[Date "2005.01.16"]
[Round "6"]
[White "Trmal Jaroslav (CZE)"]
[Black "Blazek Jiri (CZE)"]
[Result "1-0"]
[WhiteElo "2293"]
[BlackElo "2207"]

1.d4 Nf6 2.c4 c5 3.d5 e6 4.Nc3 exd5 5.cxd5 d6 6.e4 g6 7.Be2 Bg7 8.Nf3 O-O
9.O-O Bg4 10.Nd2 Bxe2 11.Qxe2 Re8 12.Nc4 b5 13.Nxb5 Nxe4 14.Re1 Na6 15.Bf4 Qd7
16.Qf3 Qxb5 17.Rxe4 Rxe4 18.Qxe4 Re8 19.Qc2 Qb4 20.Rf1 Bxb2 21.Bxd6 Bd4 22.Bf4
Rd8 23.d6 Qb7 24.Re1 Qd5 25.Qe2 Nb4 26.Bh6 Bxf2+ 27.Qxf2 Qxc4 28.Qf6 Qd4+
29.Qxd4 cxd4 30.d7 {#r} 1-0

[Event "It (cat.2) (b)"]
[Site "masterchessopen.com - Budapest (Hungary)"]
[Date "2005.03.10"]
[Round "6"]
[White "Fodor Tamas (HUN)"]
[Black "Zakharchenko Arnold (UKR)"]
[Result "0-1"]
[WhiteElo "2178"]
[BlackElo "2273"]

1.d4 g6 2.c4 Nf6 3.Nc3 c5 4.d5 d6 5.e4 Bg7 6.Be2 e6 7.Nf3 exd5 8.cxd5 O-O
9.O-O Na6 10.Nd2 Nc7 11.a4 Nfe8 12.Nc4 f5 13.Bf3 b6 14.Re1 Ba6 15.Qb3 Kh8
16.Nb5 fxe4 17.Bxe4 Bxb5 18.axb5 Qd7 19.Bf3 Nf6 20.Bf4 Nxb5 21.Qa4 Rad8 22.Bg3
Nd4 23.Qxa7 Nxf3+ 24.gxf3 Nxd5 25.Bxd6 Rf7 26.Qxd7 Rfxd7 27.Rad1 b5 28.Ne3
Nxe3 29.Rxe3 Kg8 30.Red3 c4 31.R3d2 Be5 32.Bxe5 Rxd2 33.Rxd2 Rxd2 34.Bc3 Rc2
{#R} 0-1